Solving life problems in community resources 3

Bibliographic Details
Main Author: Blitzer, Donna
Format: Book
Published: New York : Trafalgar House , 1980
Subjects:

MARC

LEADER 00000cam a2200000 7i4500
001 0000000736
005 20050629.0
020 |a 0070059012 
040 |a INS 
090 0 0 |a BV4501.2.   |b B6497 1980 
100 1 |a Blitzer, Donna 
245 1 0 |a Solving life problems in community resources 3   |c Donna Blitzer 
260 |a New York :   |b Trafalgar House ,   |c 1980 
300 |a 242p ;   |c 28cm. 
650 0 0 |a Social science   |x Study and teaching 
999 |a 0000002229   |b BOOK   |c Open Shelf   |e Default branch